Películas y Series por Emojis - Estadísticas

Estadísticas generales
  • Esta prueba ha sido intentada 1.248 veces
  • La puntuación promedio es 11 de 16
Estadísticas de respuestas
Emojis Película / Serie % Correcto
🐠🔍 Buscando a Nemo
99%
🦁👑 El Rey León
99%
😺👢 El Gato con Botas
94%
⛴🌊⬇ Titanic
94%
🐘👂 Dumbo
91%
👻🔫 Los Cazafantasmas
91%
🤥🦗 Pinocho
91%
👨‍🍳🐀 Ratatouille
87%
🌎🐒🐒 El Planeta de los Simios
83%
👱‍♂️👱‍♀️👜🌂 Mary Poppins
69%
😱 Scream
57%
🌭🥳🎉 La Fiesta de las Salchichas
56%
🚕👉🤖 Transformers
50%
🦈🌪 Sharknado
33%
👴💍 El Señor de Los Anillos
25%
😊🤢😡 El Bueno, el Feo y el Malo
8%
No se encontraron pruebas coincidentes
Distribución de puntuación
Porcentaje de gente con cada puntuación
Porcentaje por número respondido
Historial de tus puntuaciones
No has intentado esta prueba.